000 00711nam a2200241 i 4500
003 DO-SdBNP
005 20250702104218.0
007 ta
008 110413s2011 dr 000 0 spa d
020 _a9789945469592
040 _aDO-SdBNP
_bspa
_cBNPHU
_erda
082 _bS684
_222
100 _aSolano, Rafael,
_d1931-
_942963
245 1 0 _aConversaciones con Víctor Víctor /
_cRafael Solano
264 1 _aSanto Domingo :
_bMinisterio de Cultura,
_bNacional,
_c2011.
300 _a39 páginas
_c22 cm.
336 _2rdacontent
_atexto
_btxt
337 _2rdamedia
_asin mediación
_bn
338 _2rdacarrier
_avolumen
_bnc
590 _aInventariado, 2023/ YL
910 _aYLockward
942 _2ddc
_cLF2
999 _c55494
_d55494